000 00551nam a22001937a 4500
003 NUST - PNEC
005 20170116180748.0
008 150226b xxu||||| |||| 00| 0 eng d
020 _a9698588507
040 _cLIBRARY
082 _a327.1154091 USH
100 _91512
_aInternational Ushba Publishing
245 _aThe Agra Summit & BEYOND
_cUshba Publishing International
250 _a-
260 _aPakistan
_bUshba Publishing International
_cc2005.
300 _a172 p. :
650 _91514
_aInternational Relations
_xMIS
942 _2ddc
_cBK
999 _c62441
_d62441